000 00503nam a2200181Ia 4500
001 23755
005 20260414150958.0
008 260414t2017||||xx |||||||||||||| ||spa||
041 _aESP
082 _a704.9482
_bG68
100 _aGonzález Sanchez, Carlos Alberto
_eAUT
245 0 _aEl espíritu de la imagen :
_barte y religión en el mundo hispánico de la contrarreforma
260 _c2017
300 _a362 páginas :
_c24 cm.
650 _aABD
654 _aCAU
942 _cLIB
_dJUS
_fJUS
_2ddc
_n
999 _c23755
_d23755